000 00814nam a2200265 i 4500
001 78014
003 ES-MaACL
005 20250814230837.0
007 t|
008 041008s1964 sp ||||1| spa d
080 _a330.1(091)
080 _a33:304
100 1 _aHarris, Abram L.
_961901
245 1 3 _aLa ciencia económica y la reforma social /
_cAbram L. Harris ; [traducción de Eduardo Gallardo Ruiz].
260 _aMadrid :
_bTecnos,
_c1964.
300 _a388 p. ;
_c24 cm.
490 1 _aCiencias sociales ;
_v33
650 4 _aEconomía-
_vHistoria.
_912012
650 4 _aEconomía y sociología.
_9144383
700 1 _aGallardo Ruiz, Eduardo.
_953499
830 1 0 _aCiencias sociales
_v33
_9177859
852 4 _aES-MaACL
_jC-27332
852 4 _aES-MaACL
_jL-1602
999 _c78014
_d78014